| 000 | 00869nam a2200265Ia 4500 | ||
|---|---|---|---|
| 003 | GCL | ||
| 008 | 140319s9999 xx 000 0 ara d | ||
| 040 |
_aGCL / _cGCL |
||
| 082 | 0 | 4 |
_a327.11 _bم ج |
| 100 | 1 | _aمحمود برهوم (مترجم) | |
| 245 | 1 | 0 |
_aالجبهة الثانية: التضليل الاعلامى فى حرب الخليج / _cمحمود برهوم (مترجم) |
| 700 | 1 | _aنقولا ناصر | |
| 700 | 1 | _aماكارثر, جون ار | |
| 260 |
_a[S.N] : _bدار الفلسفة ، _c1993 |
||
| 300 | _a272 ص | ||
| 490 | _a | ||
| 650 | 0 | 4 | _aالكويت |
| 650 | 0 | 4 | _aالعالم العربى |
| 650 | 0 | 4 | _aالاحوال السياسية |
| 650 | 0 | 4 | _aالعراق |
| 650 | 0 | 4 | _aالولايات المتحدة الامريكية |
| 650 | 0 | 4 | _aحرب الخليج |
| 650 | 0 | 4 | _aوسائل الاعلام |
| 942 |
_2ddc _cBK |
||
| 999 |
_c29470 _d29470 |
||